Home lane and the little commonwealth/ (Record no. 34831)
[ view plain ]
| 000 -LEADER | |
|---|---|
| fixed length control field | 00384nam a2200145Ia 4500 |
| 008 - FIXED-LENGTH DATA ELEMENTS--GENERAL INFORMATION | |
| fixed length control field | 190923s9999||||xx |||||||||||||| ||und|| |
| 100 ## - MAIN ENTRY--AUTHOR NAME | |
| Personal name | Bazeley, E. T. |
| 245 #0 - TITLE STATEMENT | |
| Title | Home lane and the little commonwealth/ |
| 250 ## - EDITION STATEMENT | |
| Edition statement | 2nd |
| 260 ## - PUBLICATION, DISTRIBUTION, ETC. (IMPRINT) | |
| Place of publication | London: |
| Name of publisher | George Allen and Unwin, |
| Year of publication | 1948 |
| 300 ## - PHYSICAL DESCRIPTION | |
| Number of Pages | 200 |
| 650 ## - SUBJECT ADDED ENTRY--TOPICAL TERM | |
| Topical Term | Education Forces-Commonwealth |
| 942 ## - ADDED ENTRY ELEMENTS (KOHA) | |
| Koha item type | Books |
| Lost status | Damaged status | Not for loan | Collection code | Permanent Location | Current Location | Shelving location | Full call number | Accession Number | Koha item type |
|---|---|---|---|---|---|---|---|---|---|
| RIE AJMER LIBRARY | RIE AJMER LIBRARY | General Stacks | 371.93 BAZ-H | 47876 | Books |
